Investigaciones mineras y metalúrgicas 1977

Αποθηκεύτηκε σε:
Λεπτομέρειες βιβλιογραφικής εγγραφής
Συγγραφή απο Οργανισμό/Αρχή: Centro de Investigación Minera y Metalúrgica (Συγγραφέας)
Μορφή: Βιβλίο
Γλώσσα:Ισπανικά
Έκδοση: Santiago CIMM 1978
Θέματα:
Ετικέτες: Προσθήκη ετικέτας
Δεν υπάρχουν, Καταχωρήστε ετικέτα πρώτοι!

MARC

LEADER 00000nam a2200000 a 4500
001 UCU6286
003 CL-VaPUC
008 960614e19780000CL |||||||||||||||||spa|d
082 0 4 |a 622.1  |b CEN  |2 21 
110 2 |a Centro de Investigación Minera y Metalúrgica  |e author  |9 364484 
245 1 0 |a Investigaciones mineras y metalúrgicas 1977 
300 |a 366 p 
942 |c BK 
945 |d 19960614 00:00:00  |a paguirre 
260 |a Santiago  |b CIMM  |c 1978 
650 0 |a Tecnología minera  |9 359084 
650 0 |a Minas  |9 255522 
650 0 |a Yacimientos minerales  |9 262212 
650 7 |a TECNOLOGIA METALURGICA  |2 CL-VaPUC  |9 342977 
583 |a last modification  |c 19960614 00:00:00  |k Rodrigo Vera 
999 |c 249287  |d 249285 
952 |0 0  |1 0  |4 0  |6 622_100000000000000_CEN_1978  |7 0  |8 A  |9 266468  |a BIBING  |b BIBING  |d 2019-11-19  |i 1685694  |o 622.1 CEN 1978  |p 1685694  |r 2025-01-20  |w 2019-11-19  |y BK  |k EIQ 
952 |0 0  |1 0  |4 0  |6 622_100000000000000_CEN_1978  |7 0  |8 A  |9 266469  |a BIBING  |b BIBING  |d 2019-11-19  |i 1685767  |l 1  |o 622.1 CEN 1978  |p 1685767  |r 2025-01-20  |s 2023-05-19  |w 2019-11-19  |y BK  |k EIQ